| 000 | 00438nam a2200145 a 4500 | ||
|---|---|---|---|
| 001 | 000034397 | ||
| 005 | 20200930073658.0 | ||
| 008 | 111004s2005 dr a 000 0 spa d | ||
| 040 |
_aDO-SdBNP _bspa _cBNPHU |
||
| 082 |
_axxx _bB118 |
||
| 245 | 0 | 0 |
_aBachata ompló / _cpresentación Javier Aiguabella. |
| 260 |
_aSanto Domingo : _bCentro Cultural de España, _c2005. |
||
| 300 |
_a93 p. : _bil. ; _c14 cm. |
||
| 700 | 1 |
_aAiguabella, Javier _959824 |
|
| 999 |
_c33888 _d33888 |
||